01357 a2200193 4500003000500000005001700005010001600022040000900038082001200047100002600059245014500085250005300230260004200283300003400325505071300359650003901072650002601111700002601137NUST20230712084507.0 a 77005545 cNust00a543,MEN1 aVogel, Arthur Israel.10aVogel's textbook of quantitative chemical analysis :bincluding elementary instrumental analysis /cJ. Mendham, R.C. Denney and J.D. Barnes a6th ed. /brevised by John Bassett ... [et al.]. aLondon ;aNew York :bLongman,c1978. axxxi, 925 p. ;bill ;c24 cm. aChemical Analysis (Page-29), Solution Reactions: Fundamental Theory (Page-40), Common Apparatus and Basic Techniques (Page-94), Statistics : Introduction to Chemo metrics (Page-145), Sampling (Page-198), Separation (Page-239) Thin-Layer Chromatography (Page-279), Liquid Chromatography (Page-289), Gas Chromatography (Page-317), Titrimetric Analysis (Page-340), Gravimetric analysis (Page-489), Thermal Analysis (Page-503), Direct Electro analytical Methods (Page-523), Nuclear Magnetic Spectroscopy (Page-599), Atomic Absorption Spectroscopy (Page-612), Atomic Emission Spectroscopy (Page-645) Molecular Electronic Spectroscopy (Page-658), Vibrational Spectroscopy (Page-720), Mass Spectrometry (Page-745). 0aChemistry, AnalyticxQuantitative. 0aChemistry, Inorganic.1 aBassett, John,d1924-